000 00824nam a2200205Ia 4500
008 0000001993 us a 0000000000eng00
090 _aPSP00 H83p
100 1 _aHuici, Fernando
245 1 0 _aPaloma Peláez
_b: sueños son
_c/ text Fernando Huici ; photos Alberto Manetti, Angeles G. Paraiso ; traducción Alison Turnbull
300 _a[28] p.
_c/ 25 cm.
500 _aExposición realizada en Galeria Carla Stellweg, Nueva York, Octubre, 1993
600 0 0 _a PELAEZ, PALOMA, 1958/
_xTRABAJOS PICTORICOS
650 1 4 _a PINTURA ESPAÑOLA
650 1 4 _aARTE CONTEMPORANEO ESPAÑOL
650 1 4 _xCATALOGOS
650 1 4 _xEXPOSICIONES
650 1 4 _aPINTORES ESPAÑOLES
700 1 _aManetti, Alberto \ Paraiso, Angeles G. \ Turnbull, Alison, tr.
999 _c1447
_d1447
260 _aNew York : Carla Stellweg Gallery
_c1993